Catalog

Record Details

Catalog Search



Super Smash Bros. ultimate (Switch) Cover Image Software and video games Software and video games

Super Smash Bros. ultimate (Switch)

Nintendo of America Inc., (software developer,, publisher.).

Summary:

"Inklings from the Splatoon series, as well as returning Smash characters like Mario and Link make appearances in this classic Nintendo franchise's Switch debut. Faster combat, new items, new attacks, new defensive options, and more will keep the battle raging whether you're at home or on the go."--Provided by Metacritic.com

Record details

  • Physical Description: 1 computer chip cartridge : sound, color ; 1 1/4 in.
  • Edition: Nintendo Switch.
  • Publisher: [Redmond, WA] : Nintendo of America, Inc., [2018]

Content descriptions

General Note:
Video game.
TV mode: 1-8 players; tabletop mode: 1-8 players; handheld mode: 1 player.
Target Audience Note:
ESRB content rating: E 10+, Everyone 10+ (content is generally suitable for ages 10 and up) for cartoon violence, comic mischief, suggestive themes.
System Details Note:
System requirements: Nintendo Switch game system.
Online requirements: Nintendo Switch Online membership (sold separately) and Nintendo Account required for online play; internet access required for online features.
Supported features: Nintendo Switch Pro Controller compatible; amiibo compatible; TV, tabletop, and handheld modes.
Language Note:
Game content in English, French, or Spanish; container in English and Spanish.
Subject: Mario, Mario (Fictitious character) > Computer games.
Imaginary wars and battles > Computer games.
Hand-to-hand fighting > Computer games.
Imaginary wars and battles
Genre: Video games.
Switch
Nintendo Switch
Video games.
Nintendo video games.
Computer adventure games.

Available copies

  • 0 of 1 copy available at scottsboropl.

Holds

  • 0 current holds with 1 total copy.
Show Only Available Copies
Location Call Number / Copy Notes Barcode Shelving Location Status Due Date
scottsboropl J REA Sup 32269001250771 Juvenile - Video Game Checked out 07/06/2026

LDR 04024cmm a2200829 i 4500
001163943
003SBPL
00520240806110814.0
008181207t20182018wau q g eng d
007cb cza||||||||
019 . ‡a1078437272 ‡a1091590773 ‡a1125022487 ‡a1354953786
0241 . ‡a045496592998
0241 . ‡a045496593001
02852. ‡a108491A ‡bNintendo of America, Inc. ‡q(container)
02852. ‡a108491B ‡bNintendo of America, Inc. ‡q(container)
02852. ‡aHAC P AAABA USA ‡bNintendo of America, Inc. ‡q(container)
02852. ‡aLA-H-AAABA-USA ‡bNintendo of America, Inc. ‡q(chip cartridge)
035 . ‡a(OCoLC)1078437020 ‡z(OCoLC)1078437272 ‡z(OCoLC)1091590773 ‡z(OCoLC)1125022487 ‡z(OCoLC)1354953786
05014. ‡aGV1469.35 ‡b.S98 2018
08204. ‡a794.8/5 ‡223
24500. ‡aSuper Smash Bros. ultimate (Switch)
2463 . ‡aSuper Smash Brothers ultimate
250 . ‡aNintendo Switch.
264 1. ‡a[Redmond, WA] : ‡bNintendo of America, Inc., ‡c[2018]
300 . ‡a1 computer chip cartridge : ‡bsound, color ; ‡c1 1/4 in.
336 . ‡atwo-dimensional moving image ‡btdi ‡2rdacontent
336 . ‡acomputer program ‡bcop ‡2rdacontent
337 . ‡acomputer ‡bc ‡2rdamedia
337 . ‡avideo ‡bv ‡2rdamedia
338 . ‡acomputer chip cartridge ‡bcb ‡2rdacarrier
340 . ‡b1 1/4 in. ‡erda
344 . ‡adigital ‡2rdatr
346 . ‡bHDTV ‡2rdabs
347 . ‡eUSA
380 . ‡aVideo game ‡2lcsh
380 . ‡aVideo games ‡2olacvggt
500 . ‡aVideo game.
538 . ‡aSystem requirements: Nintendo Switch game system.
538 . ‡aOnline requirements: Nintendo Switch Online membership (sold separately) and Nintendo Account required for online play; internet access required for online features.
538 . ‡aSupported features: Nintendo Switch Pro Controller compatible; amiibo compatible; TV, tabletop, and handheld modes.
546 . ‡aGame content in English, French, or Spanish; container in English and Spanish.
500 . ‡aTV mode: 1-8 players; tabletop mode: 1-8 players; handheld mode: 1 player.
5218 . ‡aESRB content rating: E 10+, Everyone 10+ (content is generally suitable for ages 10 and up) for cartoon violence, comic mischief, suggestive themes.
520 . ‡a"Inklings from the Splatoon series, as well as returning Smash characters like Mario and Link make appearances in this classic Nintendo franchise's Switch debut. Faster combat, new items, new attacks, new defensive options, and more will keep the battle raging whether you're at home or on the go."--Provided by Metacritic.com
60010. ‡aMario, Mario ‡c(Fictitious character) ‡vComputer games.
650 0. ‡aImaginary wars and battles ‡vComputer games.
650 0. ‡aHand-to-hand fighting ‡vComputer games.
650 7. ‡aImaginary wars and battles ‡2fast
655 0. ‡aVideo games.
655 0. ‡aSwitch
655 0. ‡aNintendo Switch
655 7. ‡aVideo games. ‡2lcgft
655 7. ‡aNintendo video games. ‡2lcgft
655 7. ‡aComputer adventure games. ‡2lcgft
7102 . ‡aNintendo of America Inc., ‡esoftware developer, ‡epublisher.
901 . ‡a163943 ‡bAUTOGEN ‡c163943 ‡tbiblio

Additional Resources